Cut the cost out of compounding (Record no. 56682)

MARC details
000 -LEADER
fixed length control field 00387nam a2200109Ia 4500
100 ## - MAIN ENTRY--AUTHOR NAME
Personal name Francis R A
245 #0 - TITLE STATEMENT
Title Cut the cost out of compounding
260 ## - PUBLICATION, DISTRIBUTION, ETC. (IMPRINT)
Name of publisher International Conference and Exhibition on Rubber and Allied Materials Asia Rub Tech Expo 2002. 28-30 November 2002, New Delhi. pp.416-422.
650 ## - SUBJECT ADDED ENTRY--TOPICAL TERM
Topical Term Compounding
942 ## - ADDED ENTRY ELEMENTS (KOHA)
Koha item type Journals
Holdings
Withdrawn status Lost status Damaged status Not for loan Home library Current library Shelving location Date acquired Koha item type
      Journals RRII Library RRII Library Rubber general 17/12/2021 Journals